LEADER 01785namaa2200337 i 4500 001 000000178701 003 CaOOAMICUS 005 20260511123208.0 007 tu 008 260507s2024 it m 001 udita r 040 $aPUL$bita$erda 100 1 $aCazzaro, Patrizia,$csuora,$eautore dissertazione.$0(OLS)http://pul/name/114450 245 10$aGiovani e Chiesa: direzioni opposte o possibilità di incroci? :$buna riflessione teologico-pastorale sul rapporto tra i giovani e la Chiesa /$cPatrizia Cazzaro. 264 1$aPadova :$bFacoltà Teologica del Triveneto,$c[2024] 300 $a272 pagine; $c24 cm 336 $atesto$btxt$2rdacontent 337 $asenza mediazione$bn$2rdamedia 338 $avolume$bnc$2rdacarrier 500 $aData della pubblicazione desunta da verso del front: Imprimi potest 2 ottobre 2023. 504 $aBibliografia: pagine 244-268 650 4$aChiesa cattolica$xpastorale$xgiovani.$0(OLS)http://pul/subject/2596 700 1 $aSteccanella, Assunta,$erelatore di tesi.$0(OLS)http://pul/name/110514 700 1 $aCastegnaro, Alessandro,$erelatore di tesi.$0(OLS)http://pul/name/31302 700 1 $aToniolo, Andrea,$csacerdote,$d1964-,$erelatore di tesi.$0(OLS)http://pul/name/66602 710 2 $aFacoltà Teologica del Triveneto.$kTesi.$0(OLS)http://pul/name/86198 850 $aPUL 852 $aPUL$W1$xDP1 Tesi Varie$y51$m2024 B 10$j201243$qTesi $B207895$CPULBib$Z2$F207895 $Hnull $82 941 1 $a16 996 $6245$aGiovani e Chiesa: direzioni opposte o possibilità di incroci? :$buna riflessione teologico-pastorale sul rapporto tra i giovani e la Chiesa$9(OLS)http://pul/title/220278 996 $6264$aPadova :$bFacoltà Teologica del Triveneto$9(OLS)http://pul/publisher/80058